Impact of Disruptive Technologies on Grey Literature Management

Bibliographic Details
Main Author: Savić, Dobrica (Author)
Format: Article
Language:English
PhysicalDescription:Tabuľky
ISSN:1335-793X
Subjects:

MARC

LEADER 00000nab a2200000 4500
001 vtls011743565
003 SK-MaSNL
005 20260303082340.0
008 180226|2018 xo |||| ||an ||00 0|eng
015 |a SNBRB2018/02 
040 |e rda 
041 |a eng  |b eng 
044 |a xo  |c SK 
072 7 |a 08  |x Súborné diela  |2 konspekt 
080 |a 08-027.571  |2 2001 
100 1 |a Savić, Dobrica  |4 aut  |9 1087108 
245 1 0 |a Impact of Disruptive Technologies on Grey Literature Management  |c Dobrica Savić 
300 |b Tabuľky 
336 |a text  |b txt  |2 rdacontent 
337 |a bez média  |b n  |2 rdamedia 
338 |a zväzok  |b nc  |2 rdacarrier 
504 |a Obsahuje bibliografiu 
546 |a Anglické resumé 
650 0 7 |a sivá literatúra  |2 snkbucl  |9 175477 
773 0 |t IT lib : informačné technológie a knižnice  |g Roč. 21, č. 4 (2017), s. 42-45  |x 1335-793X 
958 |a NB 
999 |c 1787627  |d 1789557